[Event "Rhein Main op-B 18th"]
[Site "Bad Homburg"]
[Date "2015.06.05"]
[Round "4"]
[White "Euler, Daniel"]
[Black "Dietz, Heinz"]
[Result "0-1"]
[WhiteElo "1015"]
[BlackElo "1326"]
[PlyCount "82"]
[EventDate "2015.06.03"]
[EventType "swiss"]
[EventRounds "7"]
[EventCountry "GER"]
[SourceTitle "CBM 167 Extra"]
[Source "ChessBase"]
[SourceDate "2015.09.14"]
[SourceVersion "1"]
[SourceVersionDate "2015.09.14"]
[SourceQuality "1"]

1. e4 c5 2. c4 e6 3. Nc3 Nc6 4. d3 a6 5. Nf3 Be7 6. g3 d6 7. b3 Bf6 8. Bb2 Nge7 9. Rb1 Ng6 10. Qd2 Nge5 11. Nxe5 dxe5 12. Qe3 Nd4 13. Qc1 Bg5 14. Qd1 Qf6 15. Bg2 Bd7 16. 0-0 h5 17. h4 Bh6 18. Qxh5 g6 19. Qd1 Ke7 20. Ne2 g5 21. h5 g4 22. Nxd4 exd4 23. Qxg4 e5 24. Qf3 Qg7 25. Bc1 Bg4 26. Bxh6 Rxh6 27. b4 Bxf3 28. Bxf3 Qf6 29. Be2 Qc6 30. a4 cxb4 31. Rxb4 b5 32. cxb5 axb5 33. axb5 Qc5 34. Rfb1 Qc2 35. R4b2 Qc8 36. b6 Qh3 37. Bf1 Qxh5 38. Bg2 Rb8 39. b7 Rc6 40. Ra2 Rc7 41. Rab2 Qh6 0-1